00466nam a2200181Ia 450000500170000000800410001702000180005804100080007608200150008410000140009924500220011325000120013526000520014730000090019950000310020865000310023970000140027020230420151619.0230125s9999 xx 000 0 und d a9789352137145 aeng a004.1bSLE aSleeper R aPractical Tableau a3rd Ed. c2019bShroff publisher and distributorsaMumbai a599p aBusiness Analytics;Tableau aBusiness Analytics Tableau aSleeper R